000 00620nam a22002057a 4500
005 20081020172312.0
008 081020t xxu||||| |||| 00| 0 eng d
010 _aENG-84185
020 _a8175412801
020 _c195.00 (pbk)
035 _aEN-67718
082 _aS
100 _aPandey, Romesh
245 _aWar tales and other stories /
_cby Romesh Pandey
260 _aDelhi
_bShipra Publications
260 _c2006
300 _aviii,198p
_c22cm
942 _2ddc
_cEN
_hS
_mPAN
999 _c17147
_d17147